000
00350nam a2200169Ia 4500
003
0100
008
130303s9999 xx 000 0 und d
040
_c
ARRUPELIB
050
_a
BV4211.L5
100
_a
Liske, Thomas V
245
_a
Effective preaching
260
_a
NY
260
_b
Macmillan
260
_C
1951
300
_a
293p
942
0
0
_0
1
999
_c
55428
_d
55428